000 01097nam a2200277Ia 4500
001 ebr10053315
003 CaPaEBR
006 m u
007 cr cn|||||||||
008 040624s2002 nyua gs 001 0 eng d
020 _z0306475669
040 _aCaPaEBR
_cCaPaEBR
035 _a(OCoLC)70744613
050 1 4 _aQD462
_b.M84 2002eb
100 1 _aMueller, Michael R.
245 1 0 _aFundamentals of quantum chemistry
_h[electronic resource] :
_bmolecular spectroscopy and modern electronic structure computations /
_cMichael Mueller.
260 _aNew York :
_bKluwer Academic,
_cc2002.
300 _axiv, 265 p. :
_bill.
500 _aIncludes index.
533 _aElectronic reproduction.
_bPalo Alto, Calif. :
_cebrary,
_d2009.
_nAvailable via World Wide Web.
_nAccess may be limited to ebrary affiliated libraries.
650 0 _aQuantum chemistry.
650 0 _aQuantum theory.
655 7 _aElectronic books.
_2local
710 2 _aebrary, Inc.
856 4 0 _uhttp://site.ebrary.com/lib/rucke/Doc?id=10053315
_zAn electronic book accessible through the World Wide Web; click to view
999 _c66200
_d66200